000 00656nam a2200265Ia 4500
003 OSt
005 20220912144840.0
006 a|||||r|||| 00| 0
007 ta
008 220909b |||||||| |||| 00| 0 eng d
024 _a66043
037 _cTextual
040 _aCSL
_beng
_cCSL
041 _aeng
082 _aG:19:f3, J0
100 _aMartin L.C.
245 0 _aPractical microscopy
250 _a2nd
260 _aLondon
_bBlackie and Son
_c1950
300 _a124p.
_ccm.
650 _aMicroscopy
700 _a Johnson B.K.
942 _hG:19:f3, J0
_cTEXL
_2CC
999 _c17174
_d17174